| 000 | 00383 a2200133 4500 | ||
|---|---|---|---|
| 001 | 88135 | ||
| 082 | _aPR 362 | ||
| 090 |
_c41544 _d41544 |
||
| 100 | _aUmer Farooq, Muhammad; Zubair Aslam Advisor | ||
| 245 |
_aPerformance analysis of F-16 aircraft with modified higher capacity drop tank _nG-61 |
||
| 260 |
_aRisalpur _bNUST _c2005 |
||
| 300 | _a45 p. | ||
| 500 | _aBE project reports | ||
| 942 |
_aCAE NUST _kPR 362 |
||
| 999 |
_c323208 _d323208 |
||